000
00292nam a2200121Ia 4500
008
150201s2008 xx 000 0 und d
082
_a
616
_b
H08W
100
_a
WHO
245
_a
HIV/AIDS CARE AND TREATMENT
260
_b
AITBS
_a
DELHI
_c
2008
650
_a
MEDICINE AND DIAGNOSIS
942
_2
ddc
_c
BK
999
_c
863
_d
863